=LDR 00000nam 2200000 4500 =001 INLIS000000000056281 =005 20200826090352 =035 ##$$a 0010-0820000422 =007 ta =008 200826###########################0#ind## =082 ##$$a 808.85 =084 ##$$a 808.85 Spe s =245 ##$$a Speech of Governoor : $b Kumpulan Pidato Gubernur NTB Tahun 2017 =300 ##$$a 146 halaman ; $c 24 Cm. =650 #4$$a Kumpulan Pidato =264 ##$$a Mataram,$c 2017 =336 ##$$a teks$2 rdacontent =337 ##$$a lain-lain$2 rdamedia =338 ##$$a lain-lain$2 rdacarrier =990 ##$$a 04590459